[Event "Khanty-Mansiysk TOP 28 Blitz GP (Women)"]
[Site "Khanty-Mansiysk"]
[Date "2023.12.04"]
[Round "4"]
[White "Chervyakova, Tatiana"]
[Black "Kovanova, Baira"]
[Result "0-1"]
[WhiteElo "1742"]
[BlackElo "2337"]
[PlyCount "56"]
[EventDate "2023.12.04"]
[EventType "tourn (blitz)"]
[EventRounds "13"]
[EventCountry "RUS"]
[SourceTitle "CB49_2023"]
[SourceDate "2023.12.06"]
[SourceVersion "1"]
[SourceVersionDate "2023.12.06"]
[SourceQuality "1"]

1. d4 Nf6 2. c4 e6 3. Nf3 b6 4. g3 Bb7 5. Bg2 Bb4+ 6. Bd2 c5 7. 0-0 0-0 8. a3 Bxd2 9. Nbxd2 d6 10. b4 Qc7 11. dxc5 bxc5 12. Qc2 Nbd7 13. e4 Rac8 14. b5 Rfd8 15. a4 d5 16. exd5 exd5 17. cxd5 Bxd5 18. Rfc1 c4 19. Ne1 Ne5 20. Bxd5 Rxd5 21. Ne4 Nxe4 22. Qxe4 Qd7 23. Ng2 Nd3 24. Rxc4 Re8 25. Qg4 f5 26. Qh4 Ne5 27. Ne1 Rd1 28. Rxd1 Qxd1 0-1

[Event "Khanty-Mansiysk TOP 28 Blitz GP (Women)"]
[Site "Khanty-Mansiysk"]
[Date "2023.12.04"]
[Round "8"]
[White "Goltseva, Ekaterina"]
[Black "Chervyakova, Tatiana"]
[Result "1-0"]
[WhiteElo "2331"]
[BlackElo "1742"]
[PlyCount "95"]
[EventDate "2023.12.04"]
[EventType "tourn (blitz)"]
[EventRounds "13"]
[EventCountry "RUS"]
[SourceTitle "CB49_2023"]
[SourceDate "2023.12.06"]
[SourceVersion "1"]
[SourceVersionDate "2023.12.06"]
[SourceQuality "1"]

1. d4 Nf6 2. c4 e6 3. Nc3 c5 4. d5 exd5 5. cxd5 d6 6. e4 g6 7. Nge2 Bg7 8. Ng3 0-0 9. Be2 Na6 10. 0-0 Nc7 11. a4 Rb8 12. Bg5 a6 13. f4 h6 14. Bh4 Qe8 15. e5 dxe5 16. Bxf6 Bxf6 17. Nce4 Bg7 18. f5 Qd7 19. d6 Ne8 20. f6 Bh8 21. h3 Qc6 22. Rc1 b6 23. b4 Bd7 24. bxc5 bxc5 25. Rxc5 Qb6 26. a5 Qa7 27. Kh2 Rb4 28. Qc2 Rd4 29. Rd1 Rxd1 30. Qxd1 Bxf6 31. Rc7 Qe3 32. Nxf6+ Nxf6 33. Qc1 Qxc1 34. Rxc1 Rc8 35. Rb1 Rc6 36. Rb6 Nd5 37. Rxc6 Bxc6 38. Bxa6 Nb4 39. Bc8 Kf8 40. a6 Ke8 41. Bb7 Bxb7 42. axb7 Nc6 43. Ne4 Kd7 44. Nc5+ Kxd6 45. Na6 f5 46. Kg3 f4+ 47. Kf3 Kd5 48. Nb4+ 1-0

[Event "Chigorin Memorial 30th"]
[Site "St Petersburg"]
[Date "2023.10.25"]
[Round "5"]
[White "Klepikov, Nikita"]
[Black "Chervyakova, Tatiana"]
[Result "1-0"]
[WhiteElo "2063"]
[BlackElo "1697"]
[PlyCount "65"]
[EventDate "2023.10.21"]
[EventType "swiss"]
[EventRounds "9"]
[EventCountry "RUS"]
[SourceTitle "Mega2024 Update 01"]
[Source "Chessbase"]
[SourceDate "2023.11.12"]
[SourceVersion "1"]
[SourceVersionDate "2023.11.12"]
[SourceQuality "1"]

1. e4 e6 2. d3 d5 3. Nd2 c5 4. Ngf3 Nc6 5. g3 g6 6. Bg2 Bg7 7. 0-0 Nge7 8. Re1 0-0 9. c3 Rb8 10. e5 b5 11. Nb3 c4 12. Nc5 cxd3 13. Qxd3 Qc7 14. b4 a5 15. a3 Ra8 16. Bf4 Rb8 17. Qe3 Rd8 18. g4 Bb7 19. Bg5 Re8 20. Rab1 a4 21. h4 Nc8 22. Bf1 N8a7 23. Bd3 Rbc8 24. h5 Nd8 25. Kg2 Ndc6 26. Bf6 Ne7 27. Qf4 d4 28. Bxg7 Kxg7 29. Qf6+ Kg8 30. h6 Bxf3+ 31. Kg1 Nf5 32. gxf5 Kf8 33. fxg6 1-0

[Event "Chigorin Memorial 29th"]
[Site "St Petersburg"]
[Date "2022.10.29"]
[Round "8"]
[White "Chervyakova, Tatiana"]
[Black "Romanov, Nikita M"]
[Result "0-1"]
[WhiteElo "1673"]
[BlackElo "2049"]
[PlyCount "34"]
[EventDate "2022.10.22"]
[EventType "swiss"]
[EventRounds "9"]
[EventCountry "RUS"]
[SourceTitle "EXT 2024"]
[Source "ChessBase"]
[SourceDate "2023.10.10"]
[SourceVersion "1"]
[SourceVersionDate "2023.10.10"]
[SourceQuality "1"]

1. d4 d5 2. c4 e6 3. Nf3 Nf6 4. cxd5 exd5 5. Bg5 h6 6. Bh4 g5 7. Bg3 Ne4 8. e3 h5 9. Qc2 Nc6 10. Bb5 Bb4+ 11. Nfd2 h4 12. Be5 f6 13. f3 Nxd2 14. Qg6+ Kf8 15. Nxd2 fxe5 16. Bxc6 bxc6 17. Qxc6 Rb8 0-1

[Event "Chigorin Memorial 29th"]
[Site "St Petersburg"]
[Date "2022.10.25"]
[Round "4"]
[White "Chervyakova, Tatiana"]
[Black "Meshcheriakova, Emiliia"]
[Result "1/2-1/2"]
[WhiteElo "1673"]
[BlackElo "1408"]
[PlyCount "202"]
[EventDate "2022.10.22"]
[EventType "swiss"]
[EventRounds "9"]
[EventCountry "RUS"]
[SourceTitle "EXT 2024"]
[Source "ChessBase"]
[SourceDate "2023.10.10"]
[SourceVersion "1"]
[SourceVersionDate "2023.10.10"]
[SourceQuality "1"]

1. d4 Nf6 2. Nf3 e6 3. Bg5 Be7 4. Nbd2 d5 5. e3 h6 6. Bh4 0-0 7. Bd3 b6 8. 0-0 Ba6 9. Bxa6 Nxa6 10. Ne5 Nb8 11. f4 Nfd7 12. Bxe7 Qxe7 13. Qf3 Nxe5 14. fxe5 Nd7 15. c3 c5 16. Qh5 Qg5 17. Qxg5 hxg5 18. e4 cxd4 19. cxd4 Rac8 20. Rac1 f6 21. exd5 exd5 22. exf6 Nxf6 23. h3 g4 24. hxg4 Nxg4 25. Rxf8+ Rxf8 26. Nf3 Re8 27. Kf1 Kf7 28. b3 Kf6 29. Rc7 Re7 30. Rc6+ Re6 31. Rc8 Re7 32. Rf8+ Rf7 33. Rc8 Re7 34. b4 Kf5 35. Rf8+ Ke4 36. Ke2 Ne3 37. g3 g5 38. Kf2 Nc2 39. Nxg5+ Kxd4 40. Nf3+ Kd3 41. Rf4 Re2+ 42. Kg1 d4 43. g4 Ke3 44. Rf7 d3 45. g5 d2 46. Nxd2 Kxd2 47. g6 Re6 48. Rf2+ Kc3 49. g7 Rg6+ 50. Rg2 Rxg7 51. Rxg7 a5 52. bxa5 bxa5 53. Rc7+ Kb2 54. a4 Nd4 55. Rc4 Ne2+ 56. Kf2 Nc3 57. Ke3 Kb3 58. Rc5 Kb4 59. Kd4 Nxa4 60. Rc1 Nb2 61. Rc8 Ka3 62. Rb8 Na4 63. Kc4 Nb2+ 64. Kc3 Nd1+ 65. Kc2 Ne3+ 66. Kd3 Nd5 67. Kd4 Nb4 68. Kc4 Ka4 69. Rh8 Nc2 70. Rh3 Na3+ 71. Kc5 Nc2 72. Rf3 Nb4 73. Rf4 Ka3 74. Rf3+ Ka4 75. Rg3 Nc2 76. Rc3 Nb4 77. Kc4 Nc6 78. Re3 Nb4 79. Kc5 Na6+ 80. Kb6 Nb4 81. Re5 Kb3 82. Rxa5 Kc4 83. Ra4 Kc3 84. Kb5 Nc2 85. Kc5 Kd3 86. Rh4 Ne3 87. Rd4+ Ke2 88. Rd7 Kf3 89. Kd4 Nf5+ 90. Ke5 Ne3 91. Rd3 Kf2 92. Ke4 Nf1 93. Kf4 Ke2 94. Ra3 Nd2 95. Rc3 Nf1 96. Rb3 Nd2 97. Rh3 Nf1 98. Rh1 Nd2 99. Rh3 Nf1 100. Rf3 Nd2 101. Re3+ Kd1 1/2-1/2

[Event "RUS-ch Higher League (Women) 72nd"]
[Site "Obninsk"]
[Date "2022.07.05"]
[Round "9"]
[White "Chervyakova, Tatiana"]
[Black "Nur Mukhametova, Alisa"]
[Result "0-1"]
[WhiteElo "1641"]
[BlackElo "2172"]
[PlyCount "58"]
[EventDate "2022.06.26"]
[EventType "swiss"]
[EventRounds "9"]
[EventCountry "RUS"]
[SourceTitle "CBM 209 Extra"]
[Source "ChessBase"]
[SourceDate "2022.09.30"]
[SourceVersion "1"]
[SourceVersionDate "2022.09.30"]
[SourceQuality "1"]

1. e4 c5 2. Nc3 Nc6 3. g3 g6 4. Bg2 Bg7 5. d3 e5 6. Be3 d6 7. Nge2 Nf6 8. h3 0-0 9. 0-0 Rb8 10. Qd2 Ne8 11. f4 exf4 12. Nxf4 b5 13. Nd1 Nc7 14. c3 b4 15. d4 bxc3 16. bxc3 cxd4 17. cxd4 Nb5 18. Ne2 Qa5 19. Qxa5 Nxa5 20. Rc1 Ba6 21. Re1 Rfc8 22. Rxc8+ Rxc8 23. a4 Na3 24. Kf2 Nc2 25. Rg1 Bxe2 26. Kxe2 Nxd4+ 27. Kd3 Rc4 28. Nc3 Nc2 29. Kxc2 Rxc3+ 0-1

[Event "RUS-ch Higher League (Women) 72nd"]
[Site "Obninsk"]
[Date "2022.07.02"]
[Round "6"]
[White "Abakarova, Amina"]
[Black "Chervyakova, Tatiana"]
[Result "1/2-1/2"]
[WhiteElo "1825"]
[BlackElo "1641"]
[PlyCount "119"]
[EventDate "2022.06.26"]
[EventType "swiss"]
[EventRounds "9"]
[EventCountry "RUS"]
[SourceTitle "CBM 209 Extra"]
[Source "ChessBase"]
[SourceDate "2022.09.30"]
[SourceVersion "1"]
[SourceVersionDate "2022.09.30"]
[SourceQuality "1"]

1. e4 c5 2. Nf3 Nc6 3. b3 Nf6 4. e5 Nd5 5. Bb2 e6 6. g3 Be7 7. Bg2 0-0 8. 0-0 b5 9. a4 b4 10. d3 f6 11. Nbd2 fxe5 12. Nxe5 Nxe5 13. Bxe5 d6 14. Bb2 Bf6 15. Bxf6 Qxf6 16. Nc4 Rd8 17. Qh5 g6 18. Qh6 Rb8 19. Ne3 Nc3 20. Rae1 Bb7 21. h4 Bxg2 22. Kxg2 Rf8 23. Qg5 Qf3+ 24. Kh2 Rbe8 25. Ng4 Kg7 26. Re3 Qf5 27. Kg2 Nd5 28. Ree1 h5 29. Qh6+ Kg8 30. Ne3 Nxe3+ 31. fxe3 Qg4 32. Rf4 Rxf4 33. Qxf4 Qxf4 34. exf4 Kf7 35. Kf3 Kf6 36. Re4 Rc8 37. Ke2 Kf5 38. Kd2 d5 39. Re5+ Kf6 40. Kd1 Rc6 41. Kd2 Rc7 42. Re1 Re7 43. Re5 Rb7 44. Rg5 Rg7 45. Ke3 Rc7 46. Re5 a6 47. Kf3 c4 48. dxc4 dxc4 49. bxc4 Rxc4 50. Ra5 Rxc2 51. Rxa6 b3 52. Rb6 Ra2 53. Rxb3 Rxa4 54. Rb5 Ra3+ 55. Kg2 Ra2+ 56. Kh3 Ra3 57. Rg5 Rb3 58. Kg2 Ra3 59. Kf2 Rb3 60. Re5 1/2-1/2

[Event "EU-ch Schools U15 Girls"]
[Site "Tornelo INT"]
[Date "2021.12.12"]
[Round "9"]
[White "Chervyakova, Tatiana"]
[Black "Mihelic, Vesna"]
[Result "1-0"]
[WhiteElo "1707"]
[BlackElo "1875"]
[PlyCount "91"]
[EventDate "2021.12.03"]
[EventType "swiss (rapid)"]
[EventRounds "7"]
[EventCountry "NET"]
[SourceTitle "EXT 2023"]
[Source "ChessBase"]
[SourceDate "2022.10.05"]
[SourceVersion "1"]
[SourceVersionDate "2022.10.05"]
[SourceQuality "1"]

1. e4 e5 2. Nf3 Nc6 3. Bb5 g6 4. d4 exd4 5. Nxd4 Bg7 6. c3 Nge7 7. 0-0 0-0 8. Be3 Nxd4 9. Bxd4 c6 10. Ba4 d5 11. Bxg7 Kxg7 12. Qd4+ Kg8 13. Rd1 Be6 14. Nd2 dxe4 15. Qxe4 Bd5 16. Qg4 Be6 17. Qe2 Qa5 18. Bc2 Nd5 19. Qf1 Rfe8 20. a3 Qb6 21. Nc4 Qc7 22. Rac1 Rad8 23. Bb1 Qf4 24. Rd4 Qf6 25. Rcd1 Nb6 26. Nd6 Rf8 27. Nxb7 Rxd4 28. Rxd4 Rb8 29. Na5 Bd5 30. Rd1 Qg5 31. b4 Re8 32. Kh1 Qf4 33. Bd3 Re5 34. Be2 Qg5 35. f4 Bxg2+ 36. Qxg2 Qxg2+ 37. Kxg2 Rxe2+ 38. Kf3 Rc2 39. Rd3 Rxh2 40. Nxc6 Rh3+ 41. Ke4 Rxd3 42. Kxd3 h5 43. c4 h4 44. Ne5 Kg7 45. c5 Kf6 46. cxb6 1-0

[Event "EU-ch Schools U15 Girls"]
[Site "Tornelo INT"]
[Date "2021.12.05"]
[Round "7"]
[White "Chervyakova, Tatiana"]
[Black "Mihelic, Vesna"]
[Result "0-1"]
[WhiteElo "1707"]
[BlackElo "1875"]
[PlyCount "96"]
[EventDate "2021.12.03"]
[EventType "swiss (rapid)"]
[EventRounds "7"]
[EventCountry "NET"]
[SourceTitle "EXT 2023"]
[Source "ChessBase"]
[SourceDate "2022.10.05"]
[SourceVersion "1"]
[SourceVersionDate "2022.10.05"]
[SourceQuality "1"]

1. d4 d5 2. Nf3 Nf6 3. c4 e6 4. Nc3 Be7 5. Bf4 0-0 6. e3 b6 7. Rc1 c5 8. Be2 Bb7 9. cxd5 Nxd5 10. Nxd5 Bxd5 11. a3 Nd7 12. 0-0 h6 13. dxc5 Nxc5 14. b4 Ne4 15. Bc7 Qe8 16. Ne5 Nd6 17. Bf3 Bxf3 18. Qxf3 Nb5 19. Qe4 Rc8 20. Qb7 Bf6 21. Rfd1 Nxc7 22. Rxc7 Bxe5 23. Rcd7 Bf6 24. h3 Rd8 25. Rxd8 Bxd8 26. Qxa7 Qc6 27. Rd7 Bf6 28. Rc7 Qe4 29. Rc1 Bb2 30. Rf1 Qc6 31. Qa6 Ra8 32. Qe2 Bxa3 33. Rb1 Ra4 34. b5 Qc4 35. Qd2 Kh7 36. Qd8 Qc2 37. Rf1 Bc5 38. Qd7 Qf5 39. Qc6 Ra2 40. g4 Qe5 41. Qf3 Qf6 42. Qe4+ Qg6 43. Qc4 Rc2 44. Qf4 Rb2 45. Qc4 Rb4 46. Qe2 Qe4 47. Rd1 Rc4 48. g5 Rc2 0-1

[Event "EU-ch Schools U15 Girls"]
[Site "Tornelo INT"]
[Date "2021.12.04"]
[Round "3"]
[White "Chervyakova, Tatiana"]
[Black "Shubenkova, Veronika"]
[Result "0-1"]
[WhiteElo "1707"]
[BlackElo "1762"]
[PlyCount "96"]
[EventDate "2021.12.03"]
[EventType "swiss (rapid)"]
[EventRounds "7"]
[EventCountry "NET"]
[SourceTitle "EXT 2023"]
[Source "ChessBase"]
[SourceDate "2022.10.05"]
[SourceVersion "1"]
[SourceVersionDate "2022.10.05"]
[SourceQuality "1"]

1. d4 d5 2. c4 e6 3. Nc3 f5 4. Nf3 Nf6 5. Bg5 Be7 6. e3 c6 7. c5 Nbd7 8. b4 Ne4 9. Bxe7 Qxe7 10. Nxe4 fxe4 11. Nd2 e5 12. Be2 exd4 13. exd4 0-0 14. 0-0 Nf6 15. Kh1 Bd7 16. a4 Rae8 17. Ra3 Qe6 18. f3 e3 19. Nb1 Nh5 20. g3 Re7 21. Qe1 Qh6 22. f4 Nf6 23. Bf3 Rfe8 24. Ra2 Bf5 25. Nc3 Ng4 26. h4 Nf2+ 27. Kg1 Qg6 28. Raxf2 exf2+ 29. Qxf2 Bd3 30. Rd1 Bf5 31. h5 Qe6 32. b5 Qe3 33. Nb1 Bxb1 34. Rxb1 Qc3 35. bxc6 bxc6 36. Kg2 Qc4 37. Rb2 Qxa4 38. g4 Re3 39. Rd2 Qb3 40. Rb2 Qc3 41. Ra2 a5 42. Ra4 Qd3 43. Ra2 Qxd4 44. Rd2 Qxc5 45. Rc2 Qd6 46. Ra2 Kh8 47. Rxa5 Qxf4 48. Rc5 Rf8 0-1

[Event "EU-ch Schools U15 Girls"]
[Site "Tornelo INT"]
[Date "2021.12.04"]
[Round "5"]
[White "Chervyakova, Tatiana"]
[Black "Striskova, Lucia"]
[Result "0-1"]
[WhiteElo "1707"]
[BlackElo "1947"]
[PlyCount "104"]
[EventDate "2021.12.03"]
[EventType "swiss (rapid)"]
[EventRounds "7"]
[EventCountry "NET"]
[SourceTitle "EXT 2023"]
[Source "ChessBase"]
[SourceDate "2022.10.05"]
[SourceVersion "1"]
[SourceVersionDate "2022.10.05"]
[SourceQuality "1"]

1. d4 d5 2. c4 e6 3. Nc3 Nf6 4. Nf3 c5 5. Bf4 Nc6 6. e3 Be7 7. Rc1 dxc4 8. Bxc4 a6 9. dxc5 Bxc5 10. Qxd8+ Kxd8 11. Ke2 Ke7 12. Ne5 Nxe5 13. Bxe5 b5 14. Bb3 Bb7 15. Bxf6+ Kxf6 16. f3 Bb6 17. Rhd1 Rhd8 18. Bc2 h6 19. Ne4+ Ke7 20. Bd3 Rac8 21. Nc3 Ba5 22. Be4 Bxe4 23. Nxe4 f5 24. Nc3 Rxd1 25. Kxd1 Rd8+ 26. Ke2 Rd7 27. a3 Bc7 28. h3 Be5 29. Nd1 Rc7 30. Rxc7+ Bxc7 31. Nf2 Kd6 32. Kd3 Bb6 33. Nd1 Ba5 34. b4 Bd8 35. e4 Bg5 36. exf5 exf5 37. Nc3 Bf6 38. Nb1 Bb2 39. Kc2 Be5 40. Kd3 g5 41. Nd2 Bb2 42. Nb1 h5 43. Kc2 Be5 44. Kd3 Bf6 45. Nd2 Bb2 46. Nb1 Ke5 47. g3 h4 48. gxh4 gxh4 49. Kc2 Ba1 50. Kd3 Kf4 51. Ke2 Kg3 52. Nd2 Bb2 0-1